Spanish Legends by Career Path - Statistics

General Stats
  • This quiz has been taken 23 times
  • The average score is 7 of 10
Answer Stats
Players Teams % Correct
Andrès Iniesta
95%
Xavi
86%
Xabi Alonso
82%
Fernando Torres
77%
Raúl
77%
Sergio Ramos
77%
Iker Casillas
68%
Carles Puyol
50%
Pep Guardiola
36%
Emilio Butragueño
27%
No matching quizzes found
Score Distribution
Percent of People with Each Score
Percentile by Number Answered
Your Score History
You have not taken this quiz